LEADER 01247nam a2200325 u 4500 001 000000053184 003 CaOOAMICUS 005 20070226115531.0 008 001109s1999 it u000 u ita u 020 $a8876107894 035 $a10860713 040 $aPUL$bita 100 1 $aVanhoye, Albert,$ccard.,$d1923-$0(OLS)http://pul/name/2498 245 13$aIl sacerdozio della Nuova Alleanza /$cAlbert Vanhoye, Franco Manzi, Ugo Vanni. 260 $aMilano :$bÀncora,$c1999. 300 $a159 p. ;$c21 cm 490 1 $aParola di vita 650 4$aSacerdozio.$0(OLS)http://pul/subject/211 700 1 $aVanni, Ugo,$cS.I.$0(OLS)http://pul/name/11979 700 1 $aManzi, Franco.$0(OLS)http://pul/name/24483 830 0$aParola di vita.$0(OLS)http://pul/title/44486 850 $aPUL 852 $aPUL$W1$xSL Religione 1$y3$m65 C 69$j70208$nBK-PRI$b $qStampati$B70208$CPULBib$Z2$F70208 $H $81 941 1 $a8 960 $aOrdine sacro$9211 960 $aOrdine sacro$9211 961 $aINV: 83199 996 $6020$a8876107894$9(OLS)http://pul/number/67052 996 $6245$aIl sacerdozio della Nuova Alleanza$9(OLS)http://pul/title/71326 996 $6260$aMilano :$bÀncora$9(OLS)http://pul/publisher/53070 LEADER 01589nam a2200349 u 4500 001 000000060815 003 CaOOAMICUS 005 20070226120944.0 008 010802s1989 it u000 u ita u 020 $a8821167887 035 $a10899396 040 $aPUL(R)$bita 100 1 $aBultmann, Rudolf Karl,$d1884-1976.$0(OLS)http://pul/name/23648 240 10$aTheologische Enzyklopädie.$lItaliano.$0(OLS)http://pul/title/81265 245 14$aEnciclopedia teologica :$bintroduzione allo studio della teologia /$cRudolf Bultmann ; a cura di Eberhard Jüngel e Klaus W. Müller ; traduzione di Armido Rizzi. 260 $aGenova :$bMarietti,$cc1989. 300 $axii, 209 p. ;$c22 cm 490 1 $aDabar.$aSaggi teologici ;$v17 500 $aContiene sinossi degli indici. 504 $aBibliografia in nota. 650 4$aTeologia fondamentale.$0(OLS)http://pul/subject/146 700 1 $aJüngel, Eberhard,$d1934-$0(OLS)http://pul/name/44137 700 1 $aRizzi, Armido.$0(OLS)http://pul/name/25274 700 1 $aMüller, Klaus W.$0(OLS)http://pul/name/41488 830 0$aDabar.$pSaggi teologici ;$v17.$0(OLS)http://pul/title/21117 850 $aPUL 852 $aPUL$W1$xSL Religione 1$y3$m57 C 22$j79326$nBK-PRI$b $qStampati$B79326$CPULBib$Z2$F79326 $H $81 941 1 $a8 961 $aINV: 61885 996 $6020$a8821167887$9(OLS)http://pul/number/78642 996 $6245$aEnciclopedia teologica :$bintroduzione allo studio della teologia$9(OLS)http://pul/title/81266 996 $6260$aGenova :$bMarietti$9(OLS)http://pul/publisher/48994